000 01014nam0a2200289 4500
001 RU\NLR\bibl\1765079
005 20260406145954.0
010 _a978-5-488-02714-5
_97000
021 _aRU
_b2011-26000
_91851
035 _a(NLR Aleph) 001755881
090 _a1547864
_c1547864
100 _a20110429d2010 |||y0rusy50 ca
101 0 _arus
102 _aRU
105 _aa |||||||||
200 1 _aДетки в клетке
_e[стихи]
_fС. Маршак
_g[худож.: А. Исаков]
210 _aМосква
_cОникс
_d2010
215 _a[11] круглых с.
_cил.
_d10
700 1 _4070
_8rus
_7ca
_aМаршак
_bС. Я.
_f1887-1964
_gСамуил Яковлевич
_3RU\NLR\auth\774792
_9114767
702 1 _4040
_8rus
_7ca
_aИсаков
_bА. Ю.
_cхудожник
_gАлексей Юрьевич
_3RU\NLR\auth\77100270
_983196
801 0 _aRU
_bNLR
_c20110429
_gRCR
801 1 _aRU
_bNLR
_c20110429
852 _aNLR
_jИгр/906
942 _cBOOK
980 _aNB